Saskatchewan Cities A-Z - Statistics

General Stats
  • This quiz has been taken 9 times
  • The average score is 14 of 25
Answer Stats
Hint Answer % Correct
B Birthplace of Chief Poundmaker Battleford
100%
M Al Capone built some tunnels here, supposedly Moose Jaw
100%
N Above B on a map North Battleford
100%
R The Capital of Saskatchewan Regina
100%
S Saskatchewan's biggest City Saskatoon
100%
H Home of the Broncos hockey team Humboldt
88%
E Home of Canada's first "clean" coal power plant Estevan
75%
L On the Alberta border Lloydminster
75%
P This City has been represented by three separate Prime Ministers over the years Prince Albert
75%
U Northern Saskatchewan mining "City" Uranium City
75%
W Home of the world's first curling museum Weyburn
75%
F On the Manitoba border Flin Flon
63%
A Shares a name with one of Winnipeg's rivers Assiniboia
50%
D A fictional town made famous by "Corner Gas" Dog River
50%
O Integrates with MS Teams Outlook
50%
J A common Mennonite last name Jansen
38%
K Known for its annual Goose Festival Kindersley
38%
Q At one point the terminus of the CPR Qu'appelle
38%
T Famous for its canola, and questionable town slogans Tisdale
38%
Y Known for its potash jewelry Yorkton
38%
Z Shares a name with Earth's secret "eighth continent" Zealandia
38%
C Located at the junction of Highway 5 and Highway 9 Canora
13%
G Not to be confused with a tower in London, England that caught fire in 2017 Grenfell
13%
I Eric Peterson of "Corner Gas" fame was born here Indian Head
13%
V The local hotel is said to have the best banana cream pie Vonda
0%
No matching quizzes found
Score Distribution
Percent of People with Each Score
Percentile by Number Answered
Your Score History
You have not taken this quiz